00699nam a22001817a 4500003000900000008004100009040007100050082001800121100002200139245004000161260002400201300002800225440004300253505014300296650002500439650002400464650002900488AR-CdUCM190516b ||||| |||| 00| 0 spa d aMUNICIPALIDAD PROVINCIAL DEL CUSCOcBIBLIOTECA MUNICIPAL DEL CUSCO a632.58 /bH37 aHelgeson, Earl A. aLa lucha contra las malas hierbas / aRoma :bFao,c1957. a205 páginas ;c25 cm. aColección Fao estudios agropecuarios aContenido : Principios de lucha contra las malas hierbas -- Ciclo vegetativo -- Lucha contra las malezas de las plantas de gran cultivo... aMétodos químicos aTipos de herbicidas aLucha contra las malezas